000 00869nam a22002297a 4500
001 6972
003 FISKH
005 20250612113307.0
008 250612b cb ||||| |||| 00| 0 eng d
020 _a9780778743002
040 _aFISKH
_beng
_cFISKH
_dFISKH
050 _aBL1239.D58 T67
082 _a294.5
100 _aTorpie, Kate
245 _aDiwali :
_bCelebrations in my worlds /
260 _aNew York :
_bCrabtree Publishing,
_c2009.
300 _a32 pages :
_bcolor illustrations ;
_c28 cm
520 _aThe 'festival of lights' is one of the most popular festivals in the Hindu calendar. Like most Hindu festivals, Diwali celebrates the triumph of good over evil. According to one legend Diwali is observed to mark the return of Lord Rama to his homeland.
650 _aMulticultural
_vPicture
_xNon-fiction
942 _2ddc
_cBK
_n0
999 _c6972
_d6972